000 00588nam a2200145Ia 4500
008 231221s9999 xx 000 0 und d
020 _a978-3-642-11990-3
041 _aEnglish
100 _aGünter Kessler
245 0 _aSustainable and Safe Nuclear Fission Energy
260 _c2012
_bSpringer Berlin Heidelberg
_aNew York
440 _aPower Systems
650 _aNuclear Engineering; Particle and Nuclear Physics; Waste Management/Waste Technology; Industrial Pollution Prevention; Effects of Radiation/Radiation Protection; Industrial Chemistry/Chemical Engineering
942 _cEB
999 _c228763
_d228763